Драматические произведения. Т. 2: Четвертое измерение (Запись № 1059160)

Подробности
000 -МАРКЕР
контрольное поле 01384nam2a2200265 4500
001 - ИДЕНТИФИКАТОР ЗАПИСИ
контрольное поле RU\NLR\bibl\1381825
005 - ИДЕНТИФИКАТОР ВЕРСИИ
контрольное поле 20250615193537.0
010 ## - МЕЖДУНАРОДНЫЙ СТАНДАРТНЫЙ НОМЕР КНИГИ (ISBN)
Номер (ISBN) 978-5-91328-040-4
Тираж 1000
021 ## - НОМЕР ГОСУДАРСТВЕННОЙ РЕГИСТРАЦИИ
Код страны Российская Федерация
Номер 2009-41484
Номер Листа государственной регистраци 2521
035 ## - ДРУГИЕ СИСТЕМНЫЕ НОМЕРА
Идентификатор записи (NLR Aleph) 001373906
100 ## - ДАННЫЕ ОБЩЕЙ ОБРАБОТКИ
Данные общей обработки 20090615d2009 |||y0rusy50 ca
101 1# - ЯЗЫК РЕСУРСА
Язык текста, звукозаписи и т.д. русский
Язык оригинала греческий (совр.)
102 ## - СТРАНА ПУБЛИКАЦИИ ИЛИ ПРОИЗВОДСТВА
Страна публикации Российская Федерация
105 ## - ПОЛЕ КОДИРОВАННЫХ ДАННЫХ: ТЕКСТОВЫЕ МАТЕРИАЛЫ, МОНОГРАФИЧЕСКИЕ
Кодированные данные о монографическом текстовом документе a |||||||||
200 1# - ЗАГЛАВИЕ И СВЕДЕНИЯ ОБ ОТВЕТСТВЕННОСТИ
Основное заглавие Четвертое измерение
Сведения, относящиеся к заглавию [цикл монологических поэм
Первые сведения об ответственности худож. С. Архангельский и др.]
215 ## - ФИЗИЧЕСКАЯ ХАРАКТЕРИСТИКА
Специфическое обозначение материала и объем 468, [2] с.
Другие сведения о физической характеристике ил.
Размеры 22
327 0# - ПРИМЕЧАНИЯ О СОДЕРЖАНИИ
Текст примечания Содерж.: Окно; Зимняя прозрачность; Хроника; Лунная соната; Агамемнон; Орест; Мертвый дом; Возвращение Ифигении; Под тенью горы; Хрисотемида [и др.]
461 #0 - УРОВЕНЬ НАБОРА
Встроенное поле 001RU\NLR\bibl\1383000
-- 2001#$aДраматические произведения$vТ. 2
Системный номер (АБИС) связанной записи 1066215
Автор Рицос, Я.
Место публикации Москва
Дата публикации 2009
Первые сведения об ответственности Яннис Рицос
Имя издателя, распространителя и т.д. ГИТИС
Сведения, относящиеся к заглавию [перевод с греческого : в 2 т. : к 100-летию со дня рождения]
Заглавие Драматические произведения
Номер тома Т. 2
702 #1 - ИМЯ ЛИЦА - ВТОРИЧНАЯ ОТВЕТСТВЕННОСТЬ
Начальный элемент ввода Архангельский
Часть имени, кроме начального элемента ввода С.
Код отношения Карикатурист, Художник
801 #0 - ИСТОЧНИК ЗАПИСИ
Страна Российская Федерация
Организация NLR
Дата составления 20090615
Правила каталогизации RCR
801 #1 - ИСТОЧНИК ЗАПИСИ
Страна Российская Федерация
Организация NLR
Дата составления 20090615
942 ## - ДОПОЛНИТЕЛЬНЫЕ ЭЛЕМЕНТЫ ЗАПИСИ (АБИС)
Тип экземпляра АБИС Книга
980 ## - КОЛЛЕКЦИЯ
Название коллекции Национальная библиография
Экземпляры
Тип экземпляра Дата поступления Источник поступления Стоимость Библиотека постоянного хранения Библиотека текущего хранения Место хранения Шифр хранения Штрих-код Статус экземпляра
Книга 15.06.2009 Дар 150.00 РНБ (Московский) РНБ (Московский) Русский книжный фонд: издания с 1957 года 2009-5/5375 2941107  
Книга 05.08.2009 Обязательный экземпляр   РНБ (Московский) РНБ (Московский) Русский книжный фонд: издания с 1957 года 2009-5/5375 2969190  
Книга 05.08.2009 Обязательный экземпляр 100.00 РНБ (Московский) РНБ (Московский) Обменный фонд   2969191  
Книга 07.09.2023 Обязательный экземпляр 170.00 РНБ (Московский) РНБ (Московский) Обменный фонд   1-4329063